000 02996nam a22010937a 4500
003 PE-LiUPU
005 20250813185655.0
008 230608b |||||||| |||| 00| 0 spa d
040 _bspa
_cPE-LiUPU
_dPE-LiUPU
_erda
_aPE-LiUPU
082 _223
_a370
_bL979p
100 _aLuzuriaga, Lorenzo.
_eautor.
_91226
245 1 0 _aPedagogía /
_cLorenzo Luzuriaga.
250 _aOctava.
264 _aBuenos Aires.
_bLosada S.A.
_c1966.
300 _a331 páginas :
_bIlustrado ;
_c20 centímetros.
500 _aBiblioteca Pedagógica.
505 _aConceptos de la pedagogía -- Concepto de la educación -- Los factores biológicos -- Los factores psicológicos -- Los factores sociológicos -- Los ideales de educación -- Los fines de educación -- La educación física -- La educación estética -- La educación intelectual -- La educación moral -- La educación social y cívica -- La educación religiosa -- La acción educativa -- El método -- Los métodos didácticos -- Los métodos activos -- Los métodos especiales -- El régimen externo de la enseñanza -- El régimen interno de la enseñanza -- Las condiciones materiales de la educación -- Las instituciones preescolares y escolares -- Las instituciones circumescolares y protescolares
526 _aP202
526 _aP201
526 _aP163
526 _aP162
526 _aP161
526 _aP160
526 _aP148
526 _aP147
526 _aP146
526 _aP145
526 _aP144
526 _aP143
526 _aP142
526 _aP141
526 _aP140
526 _aP139
526 _aP138
526 _aP137
526 _aP136
526 _aP135
526 _aP134
526 _aP133
526 _aP129
526 _aP128
526 _aP127
526 _aP120
526 _aP119
526 _aP118
526 _aP116
526 _aP115
526 _aP114
526 _aP110
526 _aP109
526 _aP108
526 _aP104
526 _aP103
526 _aP102
526 _aP99
526 _aP98
526 _aP97
526 _aP96
526 _aP95
526 _aP93
526 _aP90
526 _aP89
526 _aP88
526 _aP83
526 _aP82
526 _aP62
526 _aP59
526 _aP58
526 _aP57
526 _aP51
526 _aP49
526 _aP48
526 _aP47
526 _aP29
526 _aP24
526 _aP20
526 _aP19
526 _aP17
526 _aP15
526 _aP14
526 _aP12
526 _aP10
526 _aP09
526 _aP08
526 _aP07
526 _aP06
526 _aP05
526 _aP04
526 _aP01
650 0 _aPedagogía.
_91228
942 _2ddc
_cBK
980 _623148
_aAnálisis Documental EVILA ACOSTA
_81
_gALBERTO SANCHEZ Responsable de Automatización
999 _c61840
_d61840